000 00435nam a22001697a 4500
003 NUST - PNEC
005 20170116181031.0
008 150919b xxu||||| |||| 00| 0 eng d
020 _a-
040 _cLIBRARY
082 _a621.381536 ARN
100 _911092
_aArnold
245 _aIntroductory topics in electronics and telecommunicatio : Modulation
_cArnold
260 _c-
650 _911094
_aModulation
_xEL
942 _2ddc
_cBK
999 _c67740
_d67740